| 000 | 00513nam a2200193 i 4500 | ||
|---|---|---|---|
| 001 | 15143 | ||
| 003 | ES-MaACL | ||
| 005 | 20230906151011.0 | ||
| 007 | t| | ||
| 008 | 991227s1984 po ||||1| por d | ||
| 080 | _a821.134.3-34"19" | ||
| 100 | 1 |
_aLuis, Agustina Bessa. _9184344 |
|
| 245 | 1 | 0 |
_aContos impopulares / _cAgustina Bessa Luís. |
| 250 | _a4ª ed. | ||
| 260 |
_aLisboa : _bGuimarâes & Cª, _c1984. |
||
| 300 |
_a205 p. ; _c21 cm. |
||
| 852 |
_aES-MaACL _jL-22318 _bR.127721 |
||
| 999 |
_c15143 _d15143 |
||